000 00398nam a2200169Ia 4500
005 20250603145400.0
008 250603s9999 xx 000 0 und d
020 _a0- 13- 033969- 5
050 _aQA 76.9.D3. M395/
100 _aJeffrey A. Hoffer
245 0 _aModern database management
250 _a6th ed.
260 _bPrentice- Hall
260 _c2002
300 _a638 p
942 _cBK
999 _c41695
_d41695